000
00317nam a2200145Ia 4500
100
_a
Cotton /H
650
_a
Electrical Engineering
942
_c
BK
654
_a
electricity
245
_a
Applied Electricity
260
_b
B.I Publications
_a
Bombay
_c
2001
082
_a
621.3
300
_a
632
546
_a
ENGLISH
999
_c
20498
_d
20498